Les 20 stades des équipes de ligue 1 - Statistiques

Statistiques générales
  • Ce quiz a été pris 124 fois
  • Le résultat moyen est 11 sur 20
Statistiques - réponses
Club Stade % Correct
PSG Parc des Princes
99%
Marseille Vélodrome
98%
Lyon Groupama Stadium
83%
Monaco Louis 2
81%
Nantes La Beaujoire
80%
Lens Bollaert
77%
Nice Allianz Riviera
70%
Lille Pierre Mauroy
70%
Rennes Roazhon Park
64%
Montpellier La Mosson
55%
Angers Raymond Kopa
52%
Strasbourg La Meinau
49%
Auxerre Abbé Deschamps
42%
Lorient Moustoir
40%
Brest Francis Le Blé
36%
Reims Auguste Delaune
32%
Clermont Gabriel-Montpied
27%
Ajaccio François Coty
21%
Troyes De l'Aube
11%
Toulouse Stadium TFC
3%
Aucun quiz correspondant
Distribution des résultats
% des personnes avec chaque résultat
Percentile par nombre de réponses
Votre historique - résultats
Vous n’avez pas pris ce quiz